000 01313nab a2200229 i 4500
001 768714001
003 CO-MdFUSB
005 20240516144338.0
008 240516t1971 sp ||||| |||| 00| 0 spa d
040 _bspa
_cCO-MdFUSB
_dCO-MdFUSB
041 _aspa
100 _aKerr, Fergus,
_eautor
245 3 _aLa espiritualidad latente de la contracultura
_c/ Fergus Kerr ; traducido por Jesús Valiente Malla
520 _aSe describe la espiritualidad que algunos movimientos culturales del mundo anglosajón dicen poseer. En este contexto, es evidente que la espiritualidad es vista de manera incierta e indefinida a lo largo de nuestra presentación. El único elemento común en estos movimientos, por lo demás muy divergentes, se explorar es la creencia implícita en todos ellos de que nuestra sociedad devalúa la esfera personal y limita las relaciones humanas, lo que resulta en una alienación mutua.
650 0 _aVida espiritual
_951
650 7 _aReligión
_9385
650 7 _aHermenéutica
_9418
700 _aValiente Malla, Jesús,
_etraductor
773 0 _049450
_982636
_oR2559
_tRevista internacional de teología Concilium
_w(CO-MdFUSB)8
_x0210-1041
_gNúmero 69, (noviembre, 1971), páginas: 372 - 384
_qpágina: 372
942 _cANA
945 _aCatherine Arias Alvarez - Practicante SENA
999 _c69750
_d69750